000 00553nam a22001817a 4500
005 20231027121154.0
008 231027b |||||||| |||| 00| 0 eng d
020 _a9781485106128
041 _aEnglish
082 _a347.7 VAN
100 _aVan Blerk, P
_lEnglish
245 _aLegal Drafting :
_bCivil Proceedings /
_cP Van Blerk
250 _aSecond Edition
260 _aCape Town :
_bJuta and Company (Pty) Ltd,
_c2015
300 _bviii, 171 pages ;
_c25, 5 cm.
650 _aLegal practice
_bLaw
942 _cBK
_6ALISON_BN_VRIES
999 _c116
_d116